000 01283nam a22003617a 4500
003 CHAP
005 20220817044210.0
008 010926d2006 mx r 00110 spa d
010 _a94437
011 _a95409
020 _a9680202631
035 _a106034
040 _cCHAP
090 _aFolleto 17207
100 0 0 _aGonzález Garduño, Roberto.
245 1 0 _aManejo de antihelmínticos para ovinos de pelo en el trópico
_c/por Roberto González Garduño [y otros]
260 _aTeapa, Tab. :
_bUACH. Centro Regional Universitario del Sureste
_c2006
300 _a18 p. :
_bilus. ; gráfs. ; cuadros
590 _aBATCH-UPD
_b10
_c20130110
_lUCH01
_h0316
590 _aBATCH-UPD
_b10
_c20130110
_lUCH01
_h1659
590 _aBATCH-UPD
_b10
_c20130409
_lUCH01
_h2349
590 _aBATCH-UPD
_b10
_c20130914
_lUCH01
_h0353
590 _aCONVERSION
_b10
_c20130109
_lUCH01
_h1352
650 1 4 _aAntihelmínticos.
_96059
650 1 4 _aGanado lanar
_xParásitos.
_945208
650 1 4 _aGanado lanar
_xTrópicos.
_945229
650 1 4 _aNemátodos parásitos de ovinos.
_980834
901 _aBK
905 _aLuisgm
942 _cFOLL
949 _aFolleto 17207
_bBC
_cFOLL
_d33724002028413
_eTS2
_fc.2
_i106034
_sb
949 _aFolleto 17207
_bBC
_cFOLL
_d33724002028421
_eTS1
_gDonaciØn
_i106034
_sb
999 _c94437
_d94437